The Importance of AI Training for Workforce Competency in the Digital Age

Bibliográfiai részletek
Szerző: Mattoussi Nour
Dokumentumtípus: Cikk
Megjelent: Budapesti Gazdaságtudományi Egyetem 2025
Sorozat:Prosperitas 12 No. 4
Tárgyszavak:
doi:10.31570/prosp_2025_0143

Kulcsszavak:artificial intelligence
training
digital skills
key success factors
qualitative
Online Access:http://publikaciotar.uni-bge.hu/2585

MARC

LEADER 00000nab a2200000 i 4500
001 publ2585
005 20260108123637.0
008 260108s2025 hu o 000 zxx d
022 |a 2786-4359 (Online) 
024 |a 10.31570/prosp_2025_0143  |2 doi 
040 |a BGE Publikációtár Repozitórium  |b hun 
100 1 |a Mattoussi Nour 
245 1 4 |a The Importance of AI Training for Workforce Competency in the Digital Age  |c Mattoussi Nour  |h [elektronikus dokumentum] 
260 |a Budapesti Gazdaságtudományi Egyetem  |c 2025 
300 |a 1-13 
490 0 |a Prosperitas  |v 12 No. 4 
650 4 |a társadalomtudományok 
695 |a artificial intelligence 
695 |a training 
695 |a digital skills 
695 |a key success factors 
695 |a qualitative 
856 4 0 |u https://publikaciotar.uni-bge.hu/id/eprint/2585/1/the-importance-of-ai-training-for-workforce-competency-in-the-digital-age-270.pdf  |z Dokumentum-elérés